000 00475cam a2200193ua 4500
020 _a81 7029 313 8
_c295.00
041 _aeng
_h
082 _a005.43
_bROB/MA
100 _aRobbins, Judd.
245 _aMastering DOS 6.0 and 6.2 /
_cRobbins Judd.
_hTextual Documents
250 _a2 /
_b.
260 _aNew Delhi :
_bBPB Publications ,
_c1994.
300 _a1018 ; .
365 _a295.00
500 _a*CSS
504 _a
942 _cBK
999 _c2985
_d2985